MATHEMATICS-XII (VOL-1) (Record no. 12108)
[ view plain ]
| 000 -LEADER | |
|---|---|
| fixed length control field | 00250nam a22000977a 4500 |
| 008 - FIXED-LENGTH DATA ELEMENTS--GENERAL INFORMATION | |
| fixed length control field | 221031b |||||||| |||| 00| 0 eng d |
| 020 ## - INTERNATIONAL STANDARD BOOK NUMBER | |
| International Standard Book Number | 9788194192657 |
| 100 ## - MAIN ENTRY--PERSONAL NAME | |
| Personal name | SHARMA R.D |
| 245 ## - TITLE STATEMENT | |
| Title | MATHEMATICS-XII (VOL-1) |
| 260 ## - PUBLICATION, DISTRIBUTION, ETC. (IMPRINT) | |
| Place of publication, distribution, etc. | NEW DELHI |
| Name of publisher, distributor, etc. | DHANPAT RAI |
| Date of publication, distribution, etc. | 2022 |
| Withdrawn status | Lost status | Source of classification or shelving scheme | Damaged status | Koha normalized classification for sorting | Not for loan | Collection code | Home library | Current library | Shelving location | Date acquired | Total Checkouts | Full call number | Barcode | Date last seen | Date last checked out | Price effective from | Koha item type |
|---|---|---|---|---|---|---|---|---|---|---|---|---|---|---|---|---|---|
| Dewey Decimal Classification | SHA_510_000000000000000 | Non-fiction | Good Samaritan School Library | Good Samaritan School Library | Mathematics | 10/31/2022 | 1 | SHA510 | SHA17335 | 02/08/2023 | 11/22/2022 | 10/31/2022 | BOOK |